000 00687nam a22002057a 4500
003 0
005 20250125153816.0
008 250125b xxu||||| |||| 00| 0 eng d
050 _aTT 958
_b.L33 2019
100 _aLaca, Arianne
245 _aMobile barbershop
_cArianne Laca and Francis Mah
260 _aLas Pinas City
_bSouthville International School and Colleges
_c2019
300 _c28cm.
500 _aMarketing Management
504 _aIncludes bibliographical references and index.
650 _aMobile barbershops--Feasibility studies.
650 _aBusiness models—Mobile services.
650 _aPersonal grooming services--Feasibility studies.
942 _2lcc
_cTH
999 _c367068
_d367068